000 00712cam a2200229 a 4500
008
020 _a040910929274 (pbk. )
049 _aMAIN
090 _aHD59
_bPUB
245 0 0 _aPublic relations in South Africa :
_bA management reader /
_cedited by Berendien Lube [and] Gustav Puth.
260 _aDurban :
_bButterworths,
_c1994.
300 _a297 p. :
_bill. ;
_c25 cm.
504 _aIncludes bibliographical references.
650 0 _aPublic relations
_zSouth Africa.
700 1 _aLube, Berendian.
700 _aPuth, Gustav.
907 _a.b10330963
_b20-05-13
_c20-05-13
003
005 20230123122010.0
040 _cNUST
942 _cBOOKS
_kHD59
_mPUB
999 _c126051
_d126051